All Eastern European / Scandinavian F1 Drivers - Statistics

General Stats
  • This quiz has been taken 19 times
  • The average score is 18 of 37
Answer Stats
Initials Nationality Driver % Correct
MH Mika Häkkinen
100%
KR Kimi Räikkönen
94%
RK Poland Robert Kubica
89%
HK Heikki Kovalainen
83%
KM Kevin Magnussen
83%
JM Jan Magnussen
78%
KR Keke Rosberg
78%
ME Marcus Ericsson
78%
MS Mika Salo
78%
NM Nikita Mazepin
78%
RP Ronnie Peterson
78%
VP Russia Vitaly Petrov
78%
DK Daniil Kvyat
72%
SS Sergey Sirotkin
72%
SJ Stefan Johansson
67%
VB Valtteri Bottas
67%
ZB Hungary Zsolt Baumgartner
61%
GN Gunnar Nilsson
56%
JL JJ Lehto
56%
TE Czech Republic Tomáš Enge
56%
JB Jo Bonnier
44%
RVO Liechtenstein Rikky Von Opel
44%
NK Nicolas Kiesa
28%
RW Reine Wisell
28%
CA Conny Andersson
22%
LK Finland Leo Kinnunen
22%
MK Mikko Kozarowitzky
17%
SB Slim Borgudd
17%
AM Artem Markelov
11%
FV Frederik Vesti
11%
TB Denmark Tom Belsø
11%
BR Bertil Roos
6%
EL Sweden Erik Lundgren
6%
TP Torsten Palm
6%
BW Björn Wirdheim
0%
JN Jac Nellemann
0%
JC Jan Charouz
0%
No matching quizzes found
Score Distribution
Percent of People with Each Score
Percentile by Number Answered
Your Score History
You have not taken this quiz